| 000 | 01442cam a22004334i 4500 | ||
|---|---|---|---|
| 003 | PE-LiUPU | ||
| 005 | 20250731173206.0 | ||
| 008 | 150625s r 000 0 d | ||
| 035 | _a(Sirsi) a31428 | ||
| 040 |
_aPE-LiUPU _bspa _cPE-LiUPU _erda |
||
| 082 | 0 | 4 |
_a220.6 _bL74 _221 |
| 100 | 1 |
_aLohfink, Gerhard, _d1934-, _eautor. |
|
| 245 | 1 | 0 |
_aAhora entiendo la Biblia : _bcrítica de las formas / _cGerhard Lohfink. |
| 250 | _aTercera edición. | ||
| 264 | 1 |
_aMadrid : _bEdiciones Paulinas, _c1977 |
|
| 300 |
_a253 p. : _bilustrado (algunos a color), mapas ; _c21 cm. |
||
| 336 |
_atext _2rdacontent |
||
| 337 |
_aunmediated _2rdamedia |
||
| 338 |
_avolume _2rdacarrier |
||
| 526 | _aSEG42 | ||
| 526 | _aSEG41 | ||
| 526 | _aSEG40 | ||
| 526 | _aSEG39 | ||
| 526 | _aP94 | ||
| 526 | _aP87 | ||
| 526 | _aP86 | ||
| 526 | _aP85 | ||
| 526 | _aP77 | ||
| 526 | _aP76 | ||
| 526 | _aP35 | ||
| 630 | 1 | 4 |
_aBiblia _xCrítica, interpretación, etc. |
| 630 | 2 | 4 |
_aBiblia _xIntroducciones. _92045 |
| 910 | _a | ||
| 942 |
_2ddc _cBOOK |
||
| 949 |
_a220.6 L74 _wDEWEY _c1 _i38677 _lCCODEBUL1 _mBUL _p00.00 _r0 _sY _tBOOK _u2015-06-25 _xBIBLIOTECA _zUNKNOWN _0COMPRA _o.STAFF. Colección General |
||
| 596 | _a1 | ||
| 999 |
_a220.6 L74 _wDEWEY _c38981 _i38677 _d38981 _e2016-6-10 _f2021-11-11 _g5 _lCCODEBUL1 _mBUL _n1 _q2 _r0 _sY _tBOOK _u2015-6-25 _xTEOLOGIA _zUNKNOWN _0COMPRA _o.STAFF. Colección General |
||
| 980 |
_81 _gALBERTO SANCHEZ Responsable de Automatización |
||